[Event "Gausdal Int"]
[Site "Gausdal"]
[Date "1991.??.??"]
[Round "8"]
[White "Dittmar, Peter"]
[Black "Khenkin, Igor"]
[Result "0-1"]
[WhiteElo "2340"]
[BlackElo "2495"]
[Annotator "Ftacnik,L"]
[PlyCount "82"]
[EventDate "1991.08.??"]
[EventType "swiss"]
[EventRounds "9"]
[EventCountry "NOR"]
[SourceTitle "CBM 025"]
[Source "ChessBase"]
[SourceDate "1991.12.01"]
[SourceVersion "1"]
[SourceVersionDate "1991.12.01"]
[SourceQuality "1"]

1. d4 Nf6 2. c4 g6 3. Nc3 d5 4. Bg5 Ne4 5. Bf4 Nxc3 6. bxc3 dxc4 7. e4 (7. e3
Be6 8. Rb1 b6 9. Be2 Bg7 10. Nf3 c5 11. Qa4+ Qd7 12. Qa3 $14 {Rajkovic,D-Honfi,
K/Bad Worishofen/1988/}) 7... b5 $5 8. a4 c6 9. Nf3 Bg7 10. Qb1 a6 11. axb5
cxb5 12. Bxc4 (12. Bxb8 $2 Rxb8 13. Bxc4 Qc7 $17) 12... bxc4 13. Bxb8 Bh3 $5 (
13... Bg4 14. Bg3 Bxf3 15. gxf3 $16) 14. Be5 (14. gxh3 Rxb8 15. Qa2 Qc8 $132)
14... Bxg2 (14... Bxe5 15. Nxe5 Bxg2 16. Rg1 Bh3 17. Rxa6 Rxa6 18. Qb5+ Kf8 19.
Qxa6 $16) 15. Bxg7 Bxh1 (15... Rg8 16. Rg1 Bxf3 17. Be5 $36) 16. Qb7 Qc8 $1 (
16... Bxf3 $2 17. Qc6+ Qd7 18. Qxa8+ $18) 17. Qxc8+ Rxc8 18. Bxh8 Bxf3 19. Rxa6
g5 (19... Bxe4 20. Be5 $15) 20. h4 (20. Be5 f6 21. Bg3 h5 $17) 20... gxh4 21.
Rh6 Bxe4 22. Rxh4 Bd3 23. Be5 Ra8 24. Bc7 Ra2 25. Rh2 Kd7 26. Bb6 Kc6 27. Bd8
e6 28. Be7 Kb5 29. Rh5+ Ka4 30. Re5 Kb3 31. Bb4 Kc2 32. Ra5 Rb2 33. Ra1 h5 34.
f4 h4 35. Kf2 Be4 36. Ba3 (36. Ke3 Bd5 $19) 36... Kxc3+ $1 37. Ke3 (37. Bxb2+
Kxb2 38. Re1 c3 39. Rxe4 c2 40. Re2 Kb1 41. Re1+ c1=Q 42. Rxc1+ Kxc1 $19) 37...
Bd5 38. Bxb2+ Kxb2 39. Rf1 c3 40. Rf2+ c2 41. Kd3 Bb3 {Ftacnik,L} 0-1

[Event "Linares 10th"]
[Site "Linares"]
[Date "1992.??.??"]
[Round "8"]
[White "Bareev, Evgeny"]
[Black "Beliavsky, Alexander G"]
[Result "1/2-1/2"]
[WhiteElo "2635"]
[BlackElo "2620"]
[Annotator "Ftacnik,L"]
[PlyCount "51"]
[EventDate "1992.02.??"]
[EventType "tourn"]
[EventRounds "13"]
[EventCountry "ESP"]
[EventCategory "17"]
[SourceTitle "CBM 028"]
[Source "ChessBase"]
[SourceDate "1992.06.01"]
[SourceVersion "1"]
[SourceVersionDate "1992.06.01"]
[SourceQuality "1"]

1. d4 {Ernst} Nf6 2. c4 g6 3. Nc3 d5 4. Bg5 Ne4 5. Bf4 Nxc3 6. bxc3 Bg7 7. e3
c5 8. Nf3 O-O 9. Rb1 (9. cxd5 {Ernst} cxd4 10. cxd4 Qxd5 11. Be2 Qa5+ 12. Qd2
Nc6 13. Rc1 Be6 14. Bc4 Bxc4 15. Rxc4 Qa6 $10 {Damjanovic - Smejkal, Varna
1971.}) 9... cxd4 {N} (9... b6 10. Be2 dxc4 11. Bxc4 Nc6 12. O-O Na5 13. Bd3
Bb7 14. Qe2 Rc8 15. Rfd1 e6 16. e4 $14 {Bareev,E-Gavrikov,V/Biel/1991/}) 10.
cxd4 Nc6 11. Qa4 (11. Be2 b6 12. O-O Bb7 $13) 11... Bd7 12. Qa3 (12. Rxb7 Ne5 (
12... e5 $5 13. dxe5 (13. cxd5 Nb8 14. Rxd7 Nxd7 15. dxe5 Nb6 16. Qb3 Nxd5 $17)
(13. Bg5 Qc8 $17) 13... Nxe5 14. Qa3 Nxf3+ 15. gxf3 dxc4 $17) 13. Qa3 Nxf3+ 14.
gxf3 dxc4 $22 15. Bxc4 Bc6 16. Rb1 Bxf3 $40) 12... Bg4 $1 13. Rxb7 (13. cxd5
Qxd5 14. Rxb7 Nxd4 $17) 13... Bxf3 14. gxf3 dxc4 15. Rb5 (15. Bxc4 Na5 (15...
Nxd4 $1 $40 {Ernst}) 16. Rc7 (16. Bc7 Qc8 (16... Nxc4 17. Bxd8 Nxa3 18. Bxe7
Nc4 19. Bxf8 Bxf8 $15) 17. Qxa5 Qxb7 $17) 16... Nxc4 17. Rxc4 Qd5 $40) 15...
Rc8 16. Bh3 (16. Bxc4 Nxd4 $1) 16... e6 17. Bd6 (17. O-O $5) (17. O-O {Ernst}
Bxd4 $5 18. exd4 Nxd4 $36) 17... Qh4 18. Bg2 (18. Bxf8 Bxf8 19. Qa6 Rc7 20. Bg2
Nb4 $1 $17) 18... Rfd8 19. O-O c3 20. Bg3 Qe7 (20... Qf6 21. Rc1 $132) 21. Qxe7
Nxe7 22. Rc1 Nf5 23. Bh3 c2 24. Bxf5 (24. Rb2 e5 25. Rbxc2 (25. e4 $2 Nxd4 26.
Bxc8 Rxc8 27. Kf1 Bh6 $19) 25... Rxc2 26. Rxc2 exd4 $10) 24... gxf5 25. Rb2 e5
26. Rbxc2 {Ftacnik,L} (26. Rbxc2 Rxc2 27. Rxc2 exd4 28. exd4 $10) 1/2-1/2

[Event "Brno Morava-A"]
[Site "Brno"]
[Date "1991.??.??"]
[Round "1"]
[White "Shirov, Alexei"]
[Black "Epishin, Vladimir"]
[Result "1/2-1/2"]
[WhiteElo "2610"]
[BlackElo "2615"]
[Annotator "Ftacnik,L"]
[PlyCount "67"]
[EventDate "1991.09.??"]
[EventType "tourn"]
[EventRounds "9"]
[EventCountry "CSR"]
[EventCategory "13"]
[SourceTitle "CBM 026"]
[Source "ChessBase"]
[SourceDate "1992.02.01"]
[SourceVersion "1"]
[SourceVersionDate "1992.02.01"]
[SourceQuality "1"]

1. d4 Nf6 2. c4 g6 3. Nc3 d5 4. Bg5 Ne4 5. Bf4 Nxc3 6. bxc3 dxc4 7. e3 Bg7 (
7... Be6) 8. Bxc4 c5 9. Nf3 O-O 10. O-O Nc6 11. Rb1 (11. d5 Na5 12. Be2 e6 13.
e4 exd5 14. exd5 Re8 $10) 11... Bf5 12. Rb5 (12. Rxb7 Na5 13. Bc7 Qc8 $17)
12... cxd4 13. cxd4 Rc8 14. Qa4 b6 $1 (14... a6 $6 15. Rxb7 Na5 16. Bxa6 Nxb7
17. Bxb7 Rc3 18. Qb4 $16) 15. Rxf5 (15. Rd5 Qe8 16. Bb5 Be4 (16... Be6 17. e4
$1 $16) 17. Rg5 f6 18. Rg3 Bd5 19. Nd2 e5 20. dxe5 fxe5 21. Bg5 e4 22. Bc4 Ne7
$1) (15. Rb2 Na5 16. Ba6 Rc3 $13) 15... gxf5 16. Ba6 Qd7 17. Bxc8 Rxc8 18. Rc1
Ne5 (18... Nd8 $5 19. Qd1 (19. Rxc8 Qxa4 20. Rxd8+ Bf8 21. h3 Kg7 $17) 19...
Qa4 20. h3 $10) 19. Rxc8+ Qxc8 20. h3 Nxf3+ 21. gxf3 a6 22. d5 (22. Qb4 Qb7 $10
) 22... b5 23. Qa5 e5 24. Bg5 (24. Bg3 Bf6 25. Qb6 Qc1+ 26. Kg2 Kg7 27. Qxa6 f4
$10) 24... f6 25. Bh4 Kf7 26. Qb6 Qd7 27. e4 fxe4 28. fxe4 Qxh3 29. Qc7+ Kg6
30. Bg3 h5 $1 31. d6 h4 32. Bxh4 Qxh4 33. d7 Qg4+ 34. Kf1 {Ftacnik,L} 1/2-1/2

[Event "Tilburg Fontys"]
[Site "Tilburg"]
[Date "1998.10.24"]
[Round "2"]
[White "Zvjaginsev, Vadim"]
[Black "Leko, Peter"]
[Result "1/2-1/2"]
[WhiteElo "2650"]
[BlackElo "2665"]
[Annotator "Ftacnik,L"]
[PlyCount "69"]
[EventDate "1998.10.23"]
[EventType "tourn"]
[EventRounds "11"]
[EventCountry "NED"]
[EventCategory "18"]
[SourceTitle "EXT 1999"]
[Source "ChessBase"]
[SourceDate "1998.11.16"]
[SourceVersion "1"]
[SourceVersionDate "1998.11.16"]
[SourceQuality "1"]

1. Nf3 Nf6 2. d4 g6 3. c4 Bg7 4. Nc3 d5 5. Bg5 Ne4 6. Bf4 Nxc3 7. bxc3 c5 8.
cxd5 Qxd5 9. e3 cxd4 10. cxd4 O-O 11. Be2 Nc6 12. O-O Bf5 (12... a6 13. Qa4 Bd7
14. Qa3 Qa5 15. Qxa5 Nxa5 16. Rfc1 Rac8 17. Bc7 Nc6 18. Bb6 e6 19. Rab1 Rfe8
20. Ng5 f5 {1/2-1/2 Umezinwa,G-Radermacher,T/Chicago 1988/ (53)}) (12... b6 13.
Rc1 Bb7 14. Qa4 Rac8 15. Rfd1 Qa5 16. Qxa5 Nxa5 17. a4 h6 18. h4 {1/2-1/2
Bischoff,K-Matthias,H/Lippstadt/1998/ (18)}) 13. Nh4 (13. Qa4 Qa5 14. Qxa5 Nxa5
15. Rfc1 Rac8 16. Nd2 Nc6 17. Bf3 e5 18. dxe5 Nxe5 19. Bxb7 Rcd8 20. e4 Be6 21.
Bxe5 Bxe5 22. Nf3 Bxa1 23. Rxa1 Rd7 24. Bc6 Rc7 25. Bd5 Rfc8 {0-1 Hertneck,
G-Anand,V/Munich 1994/ (25)}) 13... Bc8 14. Qa4 (14. Qb3 Qxb3 15. axb3 Be6 16.
Bc4 Bxc4 17. bxc4 e5 $1 $15) 14... Nxd4 $5 {[%mdl 64] Leko needed a sharp
tactical eye to spot the way to exploit the disarray in white's camp.} 15. exd4
(15. Bc4 $2 Qc6) 15... Qe4 16. Nxg6 $1 (16. Bg5 Qxe2 17. Rae1 Qg4 18. Bxe7 Bxd4
$17) 16... hxg6 17. Be3 Bg4 $1 {Black needed to eliminate one of potentialy
strong white bishops.} (17... Rd8 18. Bf3 Qh4 19. Rac1 Bd7 (19... e5 $6 20. Qa5
b6 21. Qd2 Rb8 22. d5 $16) (19... Bxd4 $2 20. Rc7 e6 21. Rd1 $16) 20. Qb3 Bc6
21. d5 $16) 18. Bxg4 (18. Bc4 Rfc8 $11) 18... Qxg4 19. Rac1 (19. Rab1 b6) 19...
Rfc8 20. h3 Qf5 21. Rc5 (21. Rxc8+ Qxc8 22. Rc1 Qd8 $11) 21... Qe6 (21... Rxc5
22. dxc5 Be5) 22. Rfc1 Rxc5 (22... Rd8 $6 23. Rc7 $16) 23. dxc5 (23. Rxc5 Qd6
24. Qc4 $14) 23... Be5 24. Rd1 (24. Rb1 Qc6 25. Qxc6 bxc6 $11) 24... Bc7 25.
Qb5 {Zvjagincev keeps pressing on the black position in an unpleasant way.} (
25. Qd7 $2 Rd8 $1) (25. Rd7 $5 Rc8 $14 (25... Qe5 $2 26. g3 e6 27. Bd4 Qe1+ 28.
Kh2 $18)) 25... Rb8 (25... Qc6 26. Qxc6 bxc6 27. Rd7 Bd8 28. Bf4 $16) 26. Rd7
a6 27. Qd3 $2 (27. Qa4 $1 b5 (27... Qe5 28. g3 $16) 28. Qd4 Bd6 29. Ra7 Be5 30.
Qd2 Rc8 $14) 27... Bd6 $1 28. Rxd6 exd6 29. cxd6 {The fate has reversed, but
fortunately for white d6 pawn is rather unpleasant.} Rd8 (29... Qxa2 30. Qc3 $1
(30. d7 Qa1+ 31. Kh2 Qe5+ 32. g3 Qf6 33. Qd2 Rd8 34. Bg5 Rxd7 35. Qxd7 Qxg5 36.
Qxb7 $15) 30... f6 31. Qxf6 $13) 30. Bf4 Qxa2 31. Qe4 Qa1+ (31... Qe6 32. Qxb7
Qe1+ 33. Kh2 Qxf2 34. Bg5 Qd4 35. Bxd8 Qxd6+ 36. Kg1 Qxd8 37. Qxa6 $11) 32. Kh2
Qf6 33. Kg1 Qa1+ (33... b5 $5 34. Be5 Qg5 (34... Qe6 35. Qh4 f6 36. Bxf6 Rxd6
37. Qh8+ Kf7 38. Qg7+ Ke8 39. Qxg6+ Kd7 $17) 35. Bf4 Qf5 $17) 34. Kh2 Qf6 35.
Kg1 1/2-1/2

[Event "FIDE-Wch k.o."]
[Site "Las Vegas"]
[Date "1999.08.06"]
[Round "3.1"]
[White "Ivanchuk, Vassily"]
[Black "Shipov, Sergei"]
[Result "1-0"]
[WhiteElo "2702"]
[BlackElo "2658"]
[Annotator "Ftacnik,L"]
[PlyCount "81"]
[EventDate "1999.07.31"]
[EventType "k.o."]
[EventRounds "7"]
[EventCountry "USA"]
[SourceTitle "CBM 072"]
[Source "ChessBase"]
[SourceDate "1999.10.01"]
[SourceVersion "1"]
[SourceVersionDate "1999.10.01"]
[SourceQuality "1"]

1. d4 Nf6 2. c4 g6 3. Nc3 d5 4. Bg5 Bg7 5. Nf3 Ne4 6. Bf4 Nxc3 7. bxc3 c5 8. e3
O-O 9. cxd5 cxd4 10. cxd4 Qxd5 11. Be2 Qa5+ 12. Qd2 Nc6 13. Qxa5 Nxa5 14. Bc7
Nc6 15. Rb1 Be6 16. Rxb7 Bxa2 17. Kd2 (17. Ng5 $6 a5 18. Bf3 Nb4 $15) 17... Bd5
18. Rb5 Be4 (18... Rfc8 19. Rxd5 Rxc7 20. Rc1 Nb4 21. Rd8+ $1 Rxd8 22. Rxc7 $16
) 19. Rc1 Rfc8 20. Bg3 e6 21. Ng5 $5 {Ivanchuk is a player with good feeling
for the needs of the position. Here he sacrifices pawn for the initiative and
locking out of black white squared bishop.} (21. Rbc5 $6 Bf8 $1) 21... Bxg2 (
21... Bd5 22. Bf3 Bxf3 23. Nxf3 a5 24. Rbc5 Ra6 25. Ne5 Bxe5 26. Bxe5 a4 27. e4
$16) 22. f3 h6 (22... Ne7 23. Rg1 h6 24. Nxf7 Kxf7 25. Rxg2 $14) 23. Ne4 Ne7 (
23... Nd8 $5 24. Rg1 Bh3 25. Nf2 Bf5 26. e4 Nc6 27. Rb7 Nxd4 28. Bd1 a5 29.
exf5 Nxf5 $132) 24. Rxc8+ Rxc8 (24... Nxc8 25. Nf2 $1 h5 26. Rb1 g5 27. Rg1 h4
28. Rxg2 hxg3 29. Rxg3 f6 30. Bc4 $14) 25. Nd6 Rd8 (25... Ra8 26. Rb7 (26. Ke1
a5 27. Kf2 Bh3 $17) 26... Bf8 27. Nc4 a5 28. Nb6 Re8 29. Nd7 Bg7 30. Nc5 $13)
26. Rb7 Bf8 27. Rxa7 Nf5 $2 (27... h5 28. Ne4 Nd5 29. Nc5 Bh6 30. f4 Bf8 31.
Bh4 Rc8 32. Ra5 $11) 28. Nxf7 Rc8 29. Kd3 Nxg3 (29... Bb4 30. Bc7 Kxf7 31. Bd6+
Kf6 32. Bxb4 $16) 30. hxg3 g5 (30... Bb4 31. Nxh6+ Kf8 32. Rf7+ Ke8 33. Rg7 $18
) 31. g4 Bg7 (31... Bh1 32. Ke4 Bg7 33. Ne5 $18) 32. Nd6 {[%mdl 4096] The
endgame is very difficult for black, his bishop on g2 is still locked and
white king is prepared to support the pawn march.} Rf8 (32... Rd8 33. Ne4 e5
34. Nc5 Rd6 35. Ke4 exd4 36. Bc4+ Kh8 37. Ne6 d3 (37... Bf6 38. Rf7) (37... Bf1
38. Nxg7 Bxc4 39. exd4 $18) 38. Nxg7 d2 39. Be2 d1=Q 40. Bxd1 Rxd1 41. Nf5 $18)
33. Re7 (33. Ke4 h5 $1 34. gxh5 g4 $132) 33... Bxf3 (33... Rf6 34. Ne8 Rf7 35.
Rxe6 $18) 34. Bxf3 Rxf3 35. Rxe6 Bf8 (35... Rg3 36. Nf5 Rxg4 37. Rg6 Kf7 38.
Rxg7+ Kf6 39. Nxh6 Rxd4+ 40. Kxd4 Kxg7 41. Ng4 $18) 36. Nc4 Rg3 37. Ne5 Bg7 38.
Re8+ Kh7 39. d5 $1 {The best defense is counter attack, white pawn marches to
the queening square.} Rg1 (39... Bxe5 40. Rxe5 Rxg4 41. d6 Rg1 42. Ke4 Rg4+ 43.
Kf5 Rg1 44. Re7+ Kg8 45. d7 $18) 40. Ke4 h5 (40... Bxe5 41. Kxe5 Rxg4 42. d6
$18) 41. d6 1-0

[Event "St Petersburg op"]
[Site "St Petersburg"]
[Date "1994.??.??"]
[Round "1"]
[White "Zvjaginsev, Vadim"]
[Black "Karasev, Vladimir I"]
[Result "1-0"]
[WhiteElo "2545"]
[BlackElo "2405"]
[Annotator "Ftacnik,L"]
[PlyCount "65"]
[EventDate "1994.02.??"]
[EventType "swiss"]
[EventRounds "9"]
[EventCountry "RUS"]
[SourceTitle "CBM 041"]
[Source "ChessBase"]
[SourceDate "1994.08.01"]
[SourceVersion "1"]
[SourceVersionDate "1994.08.01"]
[SourceQuality "1"]

1. d4 {Glatman} Nf6 2. c4 g6 3. Nc3 d5 4. Bg5 Ne4 5. Bf4 Nxc3 6. bxc3 Bg7 (6...
dxc4 {Glatman} 7. e3 Bg7 8. Bxc4 c5 9. Nf3 Nc6 10. O-O O-O 11. Rc1 $1 Bf5 12.
Re1 cxd4 13. exd4 $14 {Christiansen,L-Epishin,V/Ter Apel/1992/1:0 (59) Inf 55/
467/}) 7. e3 O-O 8. Nf3 c5 9. cxd5 (9. Rc1 {Glatman} cxd4 10. cxd4 Nc6 11. cxd5
Qxd5 12. Qd2 Bg4 13. Be2 Rac8 14. h3 {Groszpeter,A-Ernest,Th/Dortmund/1992/0,5
(14) Inf 54/479/}) (9. Rb1 {Glatman} cxd4 10. cxd4 Nc6 11. Qa4 Bd7 $1 12. Qa3
Bg4 $1 13. Rxb7 Bxf3 14. gxf3 dxc4 $10 {Bareev,E-Beliavsky,A/Linares/1992/0,5 
(26) Inf 54/479/}) 9... cxd4 10. cxd4 Qxd5 11. Be2 Qa5+ (11... Nc6 12. O-O Bf5
(12... Bd7 13. Qb1 b6 14. Rc1 Rad8 15. Qb3 Qa5 16. Rab1 e5 17. Bg5 Rc8 18. d5
e4 19. Ne1 Ne5 20. Be7 Rfe8 21. Bb4 $10 {Olafsson,H-Hellers,F/Ostersund zt/
1992/}) 13. Qa4 Qa5 14. Qb3 $6 (14. Qxa5 $10 {Glatman}) 14... Qb4 $1 15. Rfc1
Rac8 16. h3 a6 17. Qd1 Rfd8 18. g4 $2 Be4 19. Nd2 $2 e5 $1 20. Bg5 exd4 $1 21.
Rc4 Qb2 22. Rac1 dxe3 23. Bxe3 Bd5 24. R4c2 Qe5 25. Qf1 $17 {Van der Sterren,
P-Huzman,A/Wijk op (08)/1993/0-1 (27)}) (11... b6 12. O-O Bb7 13. Rc1 Nc6 14.
Bc4 Qh5 15. Qe2 a6 16. a4 Nb4 17. e4 b5 18. axb5 axb5 19. Bb3 Ra3 20. Rb1 Nc6
21. Bd5 Rxf3 22. Qxf3 Qxf3 23. gxf3 Nxd4 24. Bxb7 Ne2+ 25. Kh1 $14 {Moskalenko,
V-Cseshkovsky,V/Oviedo 25' (04)/1993/0.5 (38)}) 12. Qd2 Qxd2+ (12... Nc6 13.
Rb1 (13. Rc1 {Glatman} Be6 14. Qxa5 Nxa5 15. Ng5 Rfc8 16. Rxc8+ Rxc8 $10 {
Ehlvest,J-Neverov,V/Helsinki/1992/0:1 (39) Inf 55/468/}) (13. Qxa5 Nxa5 14. Bc7
$1 b6 15. Rc1 Be6 (15... Bb7 16. Bb5 Bd5 17. Rc2 Be4 18. Rc3 Bd5 19. Rc2 Be4
$10 {Steingrimsson,H-Konatly,B/ISD-FRA/1993/ Inf 58/519/}) 16. Rc2 Bf5 17. Rc3
Be6 18. a3 Nb3 19. Ng5 $14 {Yusupov,A-Smejkal,J/GER/1993/ Inf 56/554/}) 13...
b6 14. Bb5 Bb7 15. Ke2 Rac8 16. Qxa5 Nxa5 17. Rhc1 Bd5 18. a4 Ba2 19. Ba6 Bc4+
20. Rxc4 Rxc4 21. Bxc4 Nxc4 22. Rc1 Rc8 23. Nd2 Nd6 24. Rxc8+ Nxc8 25. Kd3 $14
{Zarubin,P-Yandemirov,V/Podolsk-chT/1993/0.5 (84)}) 13. Kxd2 Bf5 $6 (13... Nc6
{Glatman} 14. Rhc1 Bf5 15. Bd3 Bxd3 16. Kxd3 Rac8 17. a3 Rfd8 $10 {
Thorsteinsson,T-Ernest,T/Stockholm/1992/0,5 (31) 15.Bb5!?/}) 14. Ne5 $1 (14.
Rhc1 {Glatman} Nc6 $10) 14... Bxe5 (14... Nd7 15. Nxd7 (15. g4 {Glatman} Be6
16. Nd3 $14) 15... Bxd7 16. Bf3 Bc6 17. Bxc6 bxc6 18. Rhc1 $16) (14... Nc6 {
Glatman} 15. Nxc6 bxc6 16. Rac1 $16) 15. Bxe5 Nc6 16. g4 (16. Bg3 {Glatman} e5
17. Bxe5 (17. dxe5 Rfd8+ 18. Ke1 Nb4 $44) 17... Nxe5 18. dxe5 Rfd8+ 19. Ke1
Rac8 20. Rd1 Be6 $1 $10) 16... Be4 (16... Be6 17. Bg3 $14) (16... Nxe5 {Glatman
} 17. gxf5 Nc6 18. Rhg1 Rac8 $14) 17. f3 Nxe5 (17... Bd5 18. Bg3 {Glatman} Rfd8
19. Rhc1 e5 20. e4 $16) 18. fxe4 $1 Nc6 19. Rhc1 Rfc8 (19... e5 20. d5 Rfd8 (
20... Na5 {Glatman} 21. Rc5 b6 22. Rc7 $16) 21. Ke1 Na5 22. Rc5 b6 23. Rc7 $16)
20. e5 Rc7 (20... e6 21. Bf3 Na5 22. Rab1 $16) (20... f6 $5 {Glatman} 21. exf6
exf6 22. Bf3 Rc7 $14) 21. Rc5 (21. d5 $2 Rd7) 21... Rd8 (21... f6 $5 {Glatman})
22. Rac1 Rcd7 23. Bf3 (23. Bb5 Rd5 24. Rxd5 Rxd5 25. Bxc6 bxc6 26. Rxc6 Ra5 27.
Rc2 $16) 23... Nb4 (23... Nb8 {Glatman} 24. Rc7 b6 25. Rxd7 Nxd7 26. Ke2 $16)
24. a3 Na6 25. Ra5 e6 26. Rb1 Kg7 (26... Rb8 $2 27. Rxa6) 27. Rxb7 Rxb7 28.
Bxb7 Nb8 29. Kd3 (29. Rxa7 Rd7 {Glatman} 30. a4 Nc6 31. Ra6 Nxe5 $13) 29... Rd7
30. Bg2 Rc7 31. Rc5 Rxc5 (31... Rd7 {Glatman} 32. Kc4 $18) 32. dxc5 Kf8 33. Bb7
$1 (33. Bb7 $1 Ke7 34. c6 Kd8 35. Kc4 Kc7 36. Kc5 g5 37. a4 a5 38. e4 h6 39. h3
$18) 1-0

[Event "Madrid Magistral 7th"]
[Site "Madrid"]
[Date "1998.05.11"]
[Round "1"]
[White "Krasenkow, Michal"]
[Black "Svidler, Peter"]
[Result "1/2-1/2"]
[WhiteElo "2660"]
[BlackElo "2690"]
[Annotator "Ftacnik,L"]
[PlyCount "52"]
[EventDate "1998.05.11"]
[EventType "tourn"]
[EventRounds "9"]
[EventCountry "ESP"]
[EventCategory "17"]
[SourceTitle "CBM 065"]
[Source "ChessBase"]
[SourceDate "1998.08.06"]
[SourceVersion "1"]
[SourceVersionDate "1998.08.06"]
[SourceQuality "1"]

{[%mdl 1092]} 1. d4 Nf6 2. c4 g6 3. Nc3 d5 4. Bg5 Bg7 5. e3 c5 {It is a bit
surprising, but black can afford to "ignore" white's pressure against the pawn
d5.} 6. Bxf6 (6. dxc5 Qa5 7. Qd2 (7. Bxf6 Bxf6 8. Rc1 Na6 (8... dxc4 9. Bxc4
O-O 10. Nf3 Qxc5 11. Qe2 Bg4 12. O-O Bxf3 13. gxf3 Nc6 14. Ne4 Qe5 15. Nxf6+
Qxf6 {1/2-1/2 Sorin,A-Sorokin,M/Clarin GP f/1998/}) 9. cxd5 Nxc5 10. Bb5+ Kf8
11. Nge2 Qb4 12. O-O a6 13. d6 Be6 14. Nd5 Bxd5 15. Qxd5 Qxb5 16. Nd4 e6 17.
Nxb5 exd5 18. Nc7 Rd8 19. Rxc5 Rxd6 20. Rxd5 Rc6 {1/2-1/2 Moskalenko,V-Svidler,
P/St.Petersburg op/1993/ (33)}) 7... dxc4 8. Bxc4 Nbd7 $5 (8... Nc6 9. Rc1 Qxc5
10. Bxf6 Bxf6 11. Nd5 Qd6) (8... Qxc5 9. Bxf6 Bxf6 10. Nd5 Qd6 11. Nxf6+ Qxf6
12. Ne2 {1/2-1/2 Sharif,M-Rowson,J/Liechtenstein op/1996/}) 9. Rc1 $6 (9. Nf3
O-O 10. O-O Qxc5 11. Bb3 h6 12. Bf4 g5 13. Bg3 Nh5 $13) 9... O-O 10. Nf3 Nxc5
11. O-O (11. Bxf6 Bxf6 12. Nd5 Nd3+ $1 $17) 11... Be6 12. Bxe6 Nxe6 13. Bh4
Rac8 14. Rfd1 Rc4 (14... Rc6 15. a3 Rfc8 16. Rb1 b5 17. h3 b4 18. axb4 Qxb4 19.
Bxf6 Bxf6 20. Nd5 Qxd2 21. Rxd2 $11) 15. b3 Rcc8 16. Bxf6 Bxf6 17. Nd5 Qxd2 18.
Nxd2 Rfd8 19. Rxc8 Rxc8 20. Ne4 Rc2 {Moskalenko,V-Adorjan,A/Alusta/1994/1/2-1/
2 (45)}) 6... Bxf6 7. cxd5 (7. Nxd5 Bg7 8. Nf3 Nc6 9. Be2 (9. Qd2 e6 10. Nc3
cxd4 11. exd4 Nxd4 12. Nxd4 Qxd4 13. Qxd4 (13. Qc2 O-O 14. Be2 b6 15. Rd1 Qe5
16. O-O Bb7 17. Rfe1 Qg5 18. Bf1 Rfd8 19. b3 Qf4 20. Ne2 Qe4 21. Qxe4 Bxe4 {
Lankriet,C-Aubel,J/BEL-chT9697/1997/1/2-1/2 (54)}) 13... Bxd4 14. Nb5 Bxb2 15.
Nd6+ Ke7 16. Rd1 Bc3+ 17. Ke2 Rd8 18. Ne4 Rxd1 19. Kxd1 Bd4 {1/2-1/2 Tran An H
Tri-Belov,V/WchJM U12 Disney/1996/ (37)}) 9... e6 10. Nc3 cxd4 11. exd4 Nxd4
12. Nxd4 Qxd4 13. Qb3 O-O 14. O-O Qf4 15. Rad1 b6 16. Rd3 Ba6 17. Rf3 Qe5 18.
Re3 Qc5 19. Qa4 Bb7 20. b4 Qc6 {Lasinskas,P-Bilinskas,R/Radviliskis op/1995/1/
2-1/2 (44)}) 7... cxd4 8. exd4 O-O (8... Qb6 9. Bb5+ $1 Bd7 10. Bxd7+ Nxd7 11.
Nge2 $11) 9. Bc4 {Suddenly the character of the position has transformed to
the one similar with lines of Carro-Can defense with pawn sacrifice on d5.} Qb6
10. Nge2 (10. Qb3 Qxd4 11. Nf3 Qf4 12. O-O Nd7 $15) 10... Qxb2 11. Rb1 Qa3 12.
O-O Nd7 (12... Rd8 13. Qc1 Qxc1 14. Rfxc1 Nd7 15. Ne4 $11) 13. Ne4 (13. Nb5 Qa5
14. d6 exd6 15. Nxd6 Qc7 16. Nxc8 Raxc8 17. Bb3 Rfd8 $15) 13... Nb6 14. Bb3 (
14. Nxf6+ exf6 15. Bb3 Rd8 16. Nc3 Bf5 $15) 14... Bg7 (14... Rd8 15. d6 Bf5 16.
N2g3 $13) 15. Re1 Rd8 16. N2c3 (16. d6 exd6 17. N2c3 Qa5 $17) 16... Bf5 {
Black pieces are getting organized and white must become carefull. His double
pawn on d file is a scant compensation for the black's bishops pair.} 17. g4
Bxe4 (17... Bd7 $5 18. Nc5 $1 (18. Qf3 h6 19. d6 (19. Rbd1 Rac8 20. d6 e6 21.
d5 $17) 19... e6 20. g5 Bc6 $17) 18... Qb4 19. N3e4 Qxd4 20. Nxb7 $11) 18. Rxe4
Rac8 19. Qf3 Rd7 (19... Qb4 $2 20. d6 $1 e6 (20... Qxc3 21. Bxf7+ Kh8 22. Qxc3
Rxc3 23. dxe7 $18) 21. Bxe6 Qxc3 22. Qxf7+ Kh8 23. Bxc8 Qxc8 24. Re7 $14) 20.
Rf4 Nc4 (20... Bh6 21. g5 Bxg5 22. Rxf7 $132) (20... Qb4 21. Ne4 Nxd5 22. Rxf7
$13) 21. Rxf7 $1 {Krasenkow is quite right in his attempt to solve problems by
a nice combination, even though black could have tried for more.} (21. Nb5 Qb4
(21... Qa5 22. Bxc4 Rxc4 23. Rxf7 Rc2 $17) 22. Nxa7 Ra8 $19) 21... Nd2 (21...
Nd6 $1 22. Rf4 (22. Rxg7+ Kxg7 23. Qe3 h6 $17) 22... Bh6 (22... g5 23. Rf5 h6
24. Nb5 Nxb5 25. d6+ Kh8 26. Rxb5 Qxd6 $11) 23. g5 Bxg5 24. Rg4 Bf6 $17) 22.
Qf4 Nxb1 (22... Rxc3 23. Qxd2 Rh3 24. d6 Rxb3 25. Rxb3 Qxd6 26. Rbf3 Bf6 27.
Qh6 Kxf7 28. Qxh7+ Kf8 29. Qh8+ Kf7 30. Qh7+ $11) 23. Rxg7+ $1 Kxg7 24. Qe5+ {
Finally white managed to get some advantage from the remote location of black
queen.} Kf7 (24... Kh6 $2 25. g5+ Kh5 26. Bd1+ Kh4 27. Qg3#) (24... Kf8 25.
Qh8+ Kf7 26. Qxh7+ Kf8 (26... Kf6 $4 27. Ne4#) 27. Qh8+ $11) 25. Qe6+ Kg7 (
25... Kf8 $2 26. d6 $1 Qc1+ (26... Qxb3 27. axb3 $18) 27. Kg2 Kg7 28. Qxd7 Qxc3
29. Qxe7+ Kh6 30. g5+ Kh5 31. Qxh7+ Kg4 (31... Kxg5 32. h4+ Kf5 33. Qf7+ Kg4 (
33... Ke4 34. Qe6+ Kf4 35. Qe5+ Kg4 36. Qg5#) 34. Bd1+ Qf3+ (34... Kxh4 35.
Qf4#) 35. Bxf3+ Kxh4 36. Qf4#) 32. h3+ Kf5 33. Qh4 $1 Qc6+ 34. f3 $18) 26. Qe5+
Kf7 1/2-1/2